| 000 | 00564nam a2200181 i 4500 | ||
|---|---|---|---|
| 001 | 45953 | ||
| 003 | ES-MaACL | ||
| 005 | 20230906161314.0 | ||
| 007 | t| | ||
| 008 | 030327s1956 sp ||||1| spa d | ||
| 100 | 1 |
_aConde, Isidro. _940096 |
|
| 245 | 1 | 0 |
_aAritmética pura _b: poesÃas / _cIsidro Conde ; ilustraciones de Lola Artamendy. |
| 260 |
_aEl Ferrol : _b[s.n.], _c1956 ( _fImp. G. Franco) |
||
| 300 |
_a71 p. : _bil. ; _c23 cm. |
||
| 700 | 1 |
_aArtamendy, Lola. _923420 |
|
| 852 |
_aES-MaACL _j1991-F-20 _bR.38486 |
||
| 852 |
_aES-MaACL _j1999-F-14 _bR.39692 |
||
| 999 |
_c45953 _d45953 |
||